| Tag |
First Indicator |
Second Indicator |
Subfields |
| LEADER |
00000cam a2200000 a 4500 |
| 001 |
in00000961007 |
| 005 |
20150926141942.0 |
| 007 |
hd afv|||baca |
| 008 |
850121s1678 miu a 00001 eng d |
| 035 |
|
|
|a (OCoLC)11602315
|
| 035 |
|
|
|9 AEU5215AM
|
| 037 |
|
|
|a CL0037000001
|b UMI
|
| 037 |
|
|
|b University Microfilms International, 300 N. Zeeb Rd., Ann Arbor, MI 48106
|
| 040 |
|
|
|a EAA
|c EAA
|d m/c
|d UtOrBLW
|
| 041 |
1 |
|
|a eng
|h fre
|
| 049 |
|
|
|a TXAI
|
| 099 |
|
|
|a film
|a B
|a 3609
|
| 100 |
1 |
|
|a Guilleragues, Gabriel Joseph de Lavergne,
|c vicomte de,
|d 1628-1685.
|
| 240 |
1 |
0 |
|a Lettres portugaises.
|l English
|
| 245 |
1 |
0 |
|a Five love-letters from a nun to a cavalier /
|c done out of French into English.
|
| 264 |
|
3 |
|a London :
|b Printed for Henry Brome ...,
|c 1678.
|
| 300 |
|
|
|a 8 unnumbered pages, 117 pages
|
| 336 |
|
|
|a text
|b txt
|2 rdacontent
|
| 337 |
|
|
|a microform
|b h
|2 rdamedia
|
| 338 |
|
|
|a microfilm reel
|b hd
|2 rdacarrier
|
| 500 |
|
|
|a "Licensed, Dec. 28, 1677. Ro. L'Estrange"
|
| 500 |
|
|
|a Long attributed to Mariana Alcoforado and supposedly written to Noël Bouton, Marquis de Chamilly, these letters are now attributed to Guilleragues.
|
| 500 |
|
|
|a Reproduction of original in British Library.
|
| 510 |
4 |
|
|a Wing
|c A889
|
| 510 |
4 |
|
|a Arber's Term cat.
|c I 302
|
| 533 |
|
|
|a Microfilm.
|b Ann Arbor, Mich. :
|c University Microfilms,
|d 1961.
|e 1 microfilm reel ; 35 mm.
|f (Early English books, 1641-1700 ; 4:8)
|
| 500 |
|
|
|a Microform.
|
| 600 |
1 |
0 |
|a Alcoforado, Mariana,
|d 1640-1723
|x Fiction.
|
| 700 |
1 |
|
|a Alcoforado, Mariana,
|d 1640-1723.
|
| 700 |
1 |
|
|a Chamilly, Noël Bouton,
|c marquis de,
|d 1636-1715.
|
| 700 |
1 |
|
|a L'Estrange, Roger,
|c Sir,
|d 1616-1704.
|
| 830 |
|
0 |
|a Early English books, 1641-1700 ;
|v 4:8.
|
| 999 |
|
|
|a MARS
|
| 999 |
f |
f |
|s b8cd0f11-36fa-39ed-8115-9cea09c8eaec
|i 018a5dd9-a17d-3af5-bcde-47e64ff441a6
|t 0
|
| 952 |
f |
f |
|p default
|a Texas A&M University
|b College Station
|c Sterling C. Evans Library
|d Evans: Microforms (3rd floor)
|t 0
|e film B 3609 4:8
|h Other scheme
|i microform -- microfilm reel
|
| 998 |
f |
f |
|a film B 3609 4:8
|t 0
|l Evans: Microforms (3rd floor)
|